| 000 | 00393cam a2200157ua 4500 | ||
|---|---|---|---|
| 003 | OSt | ||
| 008 | 241231b |||||||| |||| 00| 0 eng d | ||
| 041 | _aeng | ||
| 082 |
_a624.5 _bBIN/EL |
||
| 100 |
_aBinney, E A . _96660 |
||
| 245 | _aElectric traction engineering: An introduction / | ||
| 250 | _a1 / | ||
| 260 |
_a : _bCleaver Hume Press Ltd , _c1955. |
||
| 300 | _a222 ; . | ||
| 942 | _cBK | ||
| 999 |
_c1983 _d1983 |
||